<?xml version="1.0" encoding="UTF-8"?><?xml-stylesheet type="text/xsl" href="static/style.xsl"?><OAI-PMH xmlns="http://www.openarchives.org/OAI/2.0/" xmlns:xsi="http://www.w3.org/2001/XMLSchema-instance" xsi:schemaLocation="http://www.openarchives.org/OAI/2.0/ http://www.openarchives.org/OAI/2.0/OAI-PMH.xsd"><responseDate>2026-04-26T07:15:47Z</responseDate><request verb="GetRecord" identifier="oai:uvadoc.uva.es:10324/8083" metadataPrefix="marc">https://uvadoc.uva.es/oai/request</request><GetRecord><record><header><identifier>oai:uvadoc.uva.es:10324/8083</identifier><datestamp>2025-02-21T09:30:29Z</datestamp><setSpec>com_10324_38</setSpec><setSpec>col_10324_852</setSpec></header><metadata><record xmlns="http://www.loc.gov/MARC21/slim" xmlns:doc="http://www.lyncode.com/xoai" xmlns:xsi="http://www.w3.org/2001/XMLSchema-instance" xmlns:dcterms="http://purl.org/dc/terms/" xsi:schemaLocation="http://www.loc.gov/MARC21/slim http://www.loc.gov/standards/marcxml/schema/MARC21slim.xsd">
<leader>00925njm 22002777a 4500</leader>
<datafield tag="042" ind1=" " ind2=" ">
<subfield code="a">dc</subfield>
</datafield>
<datafield tag="720" ind1=" " ind2=" ">
<subfield code="a">Martínez Romero, Sofía</subfield>
<subfield code="e">author</subfield>
</datafield>
<datafield tag="260" ind1=" " ind2=" ">
<subfield code="c">2015</subfield>
</datafield>
<datafield tag="520" ind1=" " ind2=" ">
<subfield code="a">El sistema de enseñanza está cambiando constantemente ya que está incorporando nuevos elementos como el juego y la música. Por un lado, el juego es considerado un recurso básico en el ámbito educativo a través del cual el niño adquiere habilidades, conocimientos y destrezas útiles para su vida futura. En cuanto a la Música, se trata de una de las materias que se estudian a lo largo de la Educación Primaria. El hecho de trabajar con estos dos elementos a lo largo de la etapa escolar puede potenciar un alto grado de creatividad.&#xd;
A lo largo del trabajo se estudiará la importancia que tienen estos recursos en la escuela, el papel que presenta el profesor y la familia en ellos, las condiciones necesarias para llevarlos a cabo y los diferentes tipos de juegos que pueden ejercerse con el fin de aprender música. Para ello, se pondrá en práctica una propuesta didáctica para observar la relación existente entre ambos elementos</subfield>
</datafield>
<datafield tag="024" ind2=" " ind1="8">
<subfield code="a">http://uvadoc.uva.es/handle/10324/8083</subfield>
</datafield>
<datafield ind1=" " ind2=" " tag="653">
<subfield code="a">Didáctica de la música</subfield>
</datafield>
<datafield ind1=" " ind2=" " tag="653">
<subfield code="a">Educación primaria</subfield>
</datafield>
<datafield tag="245" ind1="0" ind2="0">
<subfield code="a">El juego como herramienta clave para trabajar la educación musical en Educación Primaria</subfield>
</datafield>
</record></metadata></record></GetRecord></OAI-PMH>